| 000 | 00741cam a2200193 i 4500 | ||
|---|---|---|---|
| 005 | 20251216095029.0 | ||
| 008 | 250721s2004 ua gr 000 0 ara d | ||
| 020 | _a9773273849 | ||
| 082 | 1 | 4 |
_a216.9354 _bم ر س |
| 100 | 1 |
_aالمرسي، كمال الدين عبد الغني _eمؤلف. |
|
| 245 | 1 | 2 |
_aالحل الإسلامي لمشكلة البطالة : _bدراسة مقارنة / _cد. كمال الدين عبد الغني المرسى. |
| 250 | _aالطبعة الأولى. | ||
| 264 | 3 | 1 |
_aالإسكندرية : _bدار الوفاء لدنيا الطباعة والنشر، _c2004. |
| 300 | _a191صفحة. | ||
| 650 | 1 | 7 | _aالإسلام. |
| 650 | 1 | 7 | _aالبطالة. |
| 942 |
_2ddc _cBK |
||
| 999 |
_c98129 _d98129 |
||